|
|
|
|
| LEADER |
00000nam a22000007a 4500 |
| 005 |
20210506005343.0 |
| 007 |
cr|||| |||| |
| 008 |
210506s2018 br |||||s|||| 00||0 por d |
| 020 |
|
|
|a 978-85-9547-021-7
|
| 035 |
|
|
|a 33110
|
| 040 |
|
|
|a vLex
|
| 090 |
|
|
|c 11621
|d 11621
|
| 100 |
1 |
|
|a Sette Lopes, Mn̥ica
|
| 245 |
1 |
0 |
|a Ms︢ica & direito
|h [Recurso electrn̤ico] :
|b Uma metf̀ora /
|c Mn̥ica Sette Lopes
|
| 256 |
|
|
|a Servicio en ln̕ea
|
| 260 |
|
|
|a Belo Horizonte:
|b Initia Via Editora,
|c 2018
|
| 300 |
|
|
|a 1 recurso electrn̤ico
|
| 506 |
1 |
|
|a Disponible solo en los productos indicados
|d vLex Global
|d vLex Global (Academic Edition, excluding Law Schools)
|d vLex Global (U.S. Academic Edition, Law Schools)
|d vLex Global (U.S. Academic Edition, excluding Law Schools)
|d vLex Global (Academic Edition, Law Schools)
|
| 650 |
0 |
4 |
|a Ciencias sociales
|z Brasil
|
| 740 |
0 |
|
|a vLex Libros (Servicio en ln̕ea)
|
| 856 |
4 |
0 |
|u https://vlex.com/source/musica-direito-metafora-33110
|z Acceso restringido
|
| 942 |
|
|
|c BOOK
|
| 999 |
0 |
|
|a Social Sciences
|